| 000 | 00527nam a2200181Ia 4500 | ||
|---|---|---|---|
| 003 | GCL | ||
| 008 | 140319s9999 xx 000 0 ara d | ||
| 040 |
_aGCL / _cGCL |
||
| 082 | 0 | 4 |
_a189.3 _bم ا |
| 100 | 1 | _aمحمد ابراهيم الفيومى | |
| 245 | 1 | 0 |
_aالامام الغزالى / _cمحمد ابراهيم الفيومى |
| 300 |
_a246 ص ؛ _c24 سم |
||
| 490 | _a | ||
| 650 | 0 | 4 | _aالفلسفة الاسلامية |
| 650 | 0 | 4 | _aالتصوف الاسلامى |
| 650 | 0 | 4 | _aالغزالى |
| 942 |
_2ddc _cBK |
||
| 999 |
_c38929 _d38929 |
||